Magnetic resonance : 4th international symposium on magnetic resonance /

Saved in:
Bibliographic Details
Other Authors: Fiat, D. (Editor)
Format: Book
Language:Czech
Published: London : Butterworths, 1972
Series:rz1
Online Access: Get full text
Tags: Add Tag
No Tags, Be the first to tag this record!

MARC

LEADER 00000cam a2200000 4500
003 SK-BrCVT
005 20220618091532.0
008 091013s1972 cs e ||||||cze d
035 |a CVTIDWR022147 
040 |a    |b slo  |c    |d   
041 0 |a cze 
044 |a cs 
245 1 0 |a Magnetic resonance :  |b 4th international symposium on magnetic resonance /  |c Editor: D. Fiat 
260 3 |a London :  |b Butterworths,  |c 1972 
300 |a 351 s. 
700 |a Fiat, D.  |4 edt, 
830 |a rz1 
974 |f Knihy 
999 |c 216426  |d 216426